| 000 | 01594nam2a2200397 4500 | ||
|---|---|---|---|
| 001 | RU\NLR\bibl\181326 | ||
| 005 | 20250618062935.0 | ||
| 010 |
_a5-8360-0160-X _91000 |
||
| 021 |
_aRU _b2001-19666 _9925 |
||
| 035 | _a(NLR Aleph) 000177995 | ||
| 090 |
_a1027094 _c1027094 |
||
| 100 | _a20010808d2001 |||y0rusy50 ca | ||
| 101 | 0 | _arus | |
| 102 | _aRU | ||
| 105 | _aa ||||||||| | ||
| 200 | 1 | _aГеометрия поверхностей, групп преобразований и полей | |
| 210 |
_d2001 _aБ. м. |
||
| 215 |
_a334 с. _cил. |
||
| 320 | _aБиблиогр.: с. 330-331 (50 назв.) | ||
| 320 | _aПредм. указ.: с. 332-334 | ||
| 461 | 0 |
_1001RU\NLR\bibl\188689 _12001#$aСовременная геометрия$v[Т.] 1 _91070101 _aДубровин, Б. А. _cМ. _d2001 _e5-е изд., испр. _fБ.А. Дубровин, С.П. Новиков, А.Т. Фоменко _nЭдиториал УРСС _oМетоды и приложения _tСовременная геометрия _y5-8360-0159-6 _v[Т.] 1 |
|
| 606 | 0 |
_aПространства _xГеометрия _92219157 _3RU\NLR\auth\661332640 |
|
| 610 | 0 | _aПоверхности (мат.) (т. 1) | |
| 610 | 0 | _aГруппы (мат.) (т. 1) | |
| 610 | 0 | _aПоле (мат.), теория (т. 1) | |
| 610 | 0 | _aГеометрия | |
| 675 |
_a514 _v3 _zrus |
||
| 686 |
_a27.21 _2rugasnti |
||
| 686 |
_a22.15 _2rubbk |
||
| 686 | _aВ182.21 | ||
| 801 | 0 |
_aRU _bRKP _c20010808 _gPSBO |
|
| 801 | 1 |
_aRU _bRKP _c20010808 |
|
| 801 | 2 |
_aRU _bNLR _c20020321 _grcr |
|
| 942 | _cBOOK | ||
| 980 | _aNB | ||